KuliFerdo a jeho svet overovanie školských predpokladov detí Pracovný zošit 3 Emócie a znalosti

Bibliographic Details
Main Author: Vlčková, Helena (Author)
Other Authors: Šimková, Martina, 1987 december 8.- (Illustrator)
Format: Book
Language:Slovak
PhysicalDescription:32 s. ilustr. 30 cm
Published: [Bratislava] Josef Raabe Slovensko [2014]
ISBN:9788081401213
Subjects:

MARC

LEADER 00000cam a2200000 a 4500
001 vtls010626291
003 SK-MaSNL
005 20260302050821.0
008 240314s2014 xo a a 000 0 slo
015 |a SNBA2014/11 
020 |a 9788081401213  |q (brož.) 
040 |a SNK  |b slo  |c SNK  |e AACR2 
041 0 |a slo 
044 |a xo  |c SK 
072 7 |a 373.2/.3  |x Predškolská a primárna výchova a vzdelávanie  |2 konspekt 
072 7 |a 159.93/.94  |x Senzorické a motorické funkcie. Emócie. Vôľa  |2 konspekt 
080 |a 373.2  |2 2001 
080 |a 373.29  |2 2001 
080 |a 159.942  |2 2001 
080 |a (076.1)  |2 2001 
080 |a (0.053.2)  |2 2001 
080 |a 379.82/.84  |2 2001 
100 1 |a Vlčková, Helena  |4 aut  |9 336849 
245 1 0 |a KuliFerdo a jeho svet  |b overovanie školských predpokladov detí  |n Pracovný zošit 3  |p Emócie a znalosti  |c Helena Vlčková ; [ilustrovala: Martina Šimková] 
246 3 0 |a Emócie a znalosti 
260 |a [Bratislava]  |b Josef Raabe Slovensko  |c [2014] 
300 |a 32 s.  |b ilustr.  |c 30 cm 
500 |a Miesto vyd. podľa ISBN 
500 |a Názov z obalu 
650 0 7 |a predškolská výchova  |2 SNKPH  |9 3959 
650 0 7 |a školská spôsobilosť  |2 SNKPH  |9 69730 
650 0 7 |a emócie  |2 SNKPH  |9 4049 
650 0 7 |a Preschool education  |2 SNKPHeng  |9 267868 
650 0 7 |a Readiness for school  |2 SNKPHeng  |9 133122 
650 0 7 |a Emotions  |2 SNKPHeng  |9 302873 
650 0 7 |a Creative activities and seat work  |2 SNKPHeng  |9 313887 
650 0 7 |a zručnosti a znalosti  |2 SNKPH  |9 74214 
655 7 |a pracovné zošity  |2 SNKPH  |9 70188 
655 7 |a publikácie pre deti  |2 SNKPH  |9 70148 
655 7 |a Activity books  |2 SNKPHeng  |9 302885 
655 7 |a Children's literature  |2 SNKPHeng  |9 276039 
700 1 |a Šimková, Martina, 1987 december 8.-  |4 ill  |9 214501 
919 |a 978-80-8140-121-3 
999 |c 1098511  |d 1100441 
952 |a SNK  |b SNK  |y PREZ  |7 0  |p 17A1118578  |o snkOSB 17733/3  |i snk2014/23242  |8 0  |0 0  |1 0  |4 0  |d 2014-10-27  |l 0  |r 2026-02-24 17:21:50  |w 2026-02-24 
952 |a SNK  |b SNK  |y PREZ  |7 0  |p 17A1118577  |o snkOSB 17733/3 D1  |i snk2014/23243  |8 0  |0 0  |1 0  |4 0  |d 2014-10-27  |l 0  |r 2026-02-24 17:21:50  |w 2026-02-24